[Event "Lorca op 12th"]
[Site "Lorca"]
[Date "2023.12.29"]
[Round "6"]
[White "Potawad, Anirudhha"]
[Black "Hovhannisyan, Mher"]
[Result "0-1"]
[WhiteElo "2075"]
[BlackElo "2418"]
[PlyCount "88"]
[EventDate "2023.12.26"]
[EventType "swiss"]
[EventRounds "9"]
[EventCountry "ESP"]
[SourceTitle "CB01_2024"]
[SourceDate "2024.01.03"]
[SourceVersion "1"]
[SourceVersionDate "2024.01.03"]
[SourceQuality "1"]

1. e4 e6 2. d4 d5 3. Nc3 Nf6 4. e5 Nfd7 5. f4 c5 6. Nf3 Nc6 7. Be3 Be7 8. Qd2 a6 9. Be2 b5 10. Nd1 b4 11. 0-0 Qb6 12. Nf2 a5 13. c3 Ba6 14. Bxa6 Qxa6 15. f5 bxc3 16. bxc3 exf5 17. dxc5 Bxc5 18. Bxc5 Nxc5 19. Qg5 0-0 20. Qxf5 Ne7 21. Qg5 Rae8 22. Qe3 Rc8 23. Nd4 Qg6 24. Rab1 Ne4 25. Nxe4 dxe4 26. Nb5 Rb8 27. c4 Nc6 28. Rfe1 Nxe5 29. Qxe4 Qxe4 30. Rxe4 f6 31. a4 Rfc8 32. Rc1 Rc5 33. Rd4 Rbc8 34. Nd6 Rd8 35. Rcd1 h6 36. Kf2 Rb8 37. Rd5 Rb2+ 38. Kg1 Rc6 39. Rxa5 Nxc4 40. Ra8+ Kh7 41. Nf5 Rc5 42. Nh4 Ne3 43. Re1 Nxg2 44. Nxg2 Rg5 0-1

[Event "BEL-ch"]
[Site "Bruges"]
[Date "2021.08.22"]
[Round "9"]
[White "Dgebuadze, Alexandre"]
[Black "Hovhannisyan, Mher"]
[Result "1/2-1/2"]
[WhiteElo "2488"]
[BlackElo "2432"]
[PlyCount "43"]
[EventDate "2021.08.14"]
[EventType "tourn"]
[EventRounds "9"]
[EventCountry "BEL"]
[EventCategory "7"]
[SourceTitle "CBM 203 Extra"]
[Source "ChessBase"]
[SourceDate "2021.09.30"]
[SourceVersion "1"]
[SourceVersionDate "2021.09.30"]
[SourceQuality "1"]

1. e4 e6 2. d4 d5 3. exd5 exd5 4. Nf3 Bd6 5. c4 Nf6 6. c5 Be7 7. Nc3 b6 8. cxb6 axb6 9. Be2 0-0 10. 0-0 Bb7 11. Bf4 Ne4 12. Rc1 Nxc3 13. Rxc3 Bd6 14. Bxd6 Qxd6 15. a3 Nd7 16. Qc2 Rac8 17. Bd3 g6 18. Rc1 c5 19. Bb5 cxd4 20. Nxd4 Rxc3 21. Qxc3 Nf6 22. Nf3 1/2-1/2

[Event "BEL-ch"]
[Site "Bruges"]
[Date "2021.08.18"]
[Round "5"]
[White "Vandenbussche, Thibaut"]
[Black "Hovhannisyan, Mher"]
[Result "0-1"]
[WhiteElo "2432"]
[BlackElo "2432"]
[PlyCount "58"]
[EventDate "2021.08.14"]
[EventType "tourn"]
[EventRounds "9"]
[EventCountry "BEL"]
[EventCategory "7"]
[SourceTitle "CBM 203 Extra"]
[Source "ChessBase"]
[SourceDate "2021.09.30"]
[SourceVersion "1"]
[SourceVersionDate "2021.09.30"]
[SourceQuality "1"]

1. e4 c5 2. Nf3 g6 3. c3 Bg7 4. d4 cxd4 5. cxd4 d5 6. e5 Nh6 7. Bf4 Bg4 8. Qd2 Bxf3 9. Bxh6 Bxh6 10. Qxh6 Bg4 11. Nc3 a6 12. h3 Be6 13. 0-0-0 Nc6 14. Qg7 Kd7 15. Qh6 Qa5 16. g4 Rac8 17. Kb1 b5 18. Bg2 b4 19. Ne2 Rc7 20. Nc1 Qb6 21. Nb3 Kc8 22. Rhf1 a5 23. Nc5 Nxd4 24. Nxe6 Nxe6 25. Bxd5 Kb8 26. f4 Qe3 27. Bxe6 fxe6 28. Rfe1 Qf2 29. f5 Rc2 0-1

[Event "BEL-ch"]
[Site "Bruges"]
[Date "2020.08.22"]
[Round "8"]
[White "Hovhannisyan, Mher"]
[Black "Dgebuadze, Alexandre"]
[Result "1/2-1/2"]
[WhiteElo "2444"]
[BlackElo "2482"]
[PlyCount "59"]
[EventDate "2020.08.15"]
[EventType "tourn"]
[EventRounds "9"]
[EventCountry "BEL"]
[EventCategory "6"]
[SourceTitle "CBM 197 Extra"]
[Source "ChessBase"]
[SourceDate "2020.09.30"]
[SourceVersion "1"]
[SourceVersionDate "2020.09.30"]
[SourceQuality "1"]

1. e4 e6 2. d3 d5 3. Nd2 Ne7 4. Ngf3 g6 5. h4 h6 6. g3 Bg7 7. Bg2 Nbc6 8. c3 e5 9. b4 d4 10. cxd4 Nxd4 11. Bb2 Nec6 12. Nxd4 Nxd4 13. 0-0 0-0 14. Nb3 Nxb3 15. Qxb3 a5 16. a3 Be6 17. Qc3 axb4 18. axb4 Qd7 19. f4 Rxa1 20. Rxa1 Rd8 21. Rd1 Bg4 22. Rd2 Qd4+ 23. Qxd4 exd4 24. Rc2 c6 25. b5 cxb5 26. Rc5 b4 27. Rb5 Bf8 28. Rxb7 Rc8 29. Bxd4 Rc1+ 30. Kf2 1/2-1/2

[Event "BEL-ch"]
[Site "Bruges"]
[Date "2020.08.16"]
[Round "2"]
[White "Vandenbussche, Thibaut"]
[Black "Hovhannisyan, Mher"]
[Result "1/2-1/2"]
[WhiteElo "2442"]
[BlackElo "2444"]
[PlyCount "62"]
[EventDate "2020.08.15"]
[EventType "tourn"]
[EventRounds "9"]
[EventCountry "BEL"]
[EventCategory "6"]
[SourceTitle "CBM 197 Extra"]
[Source "ChessBase"]
[SourceDate "2020.09.30"]
[SourceVersion "1"]
[SourceVersionDate "2020.09.30"]
[SourceQuality "1"]

1. e4 c5 2. Nf3 d6 3. Bb5+ Bd7 4. Bxd7+ Qxd7 5. c4 Nc6 6. d4 cxd4 7. Nxd4 Nf6 8. Nc3 g6 9. b3 Bg7 10. Bb2 0-0 11. 0-0 a6 12. Rc1 e6 13. Na4 Nxd4 14. Bxd4 Qc6 15. f3 Nh5 16. Bxg7 Kxg7 17. Qd4+ e5 18. Qb2 Nf4 19. Rfd1 b5 20. cxb5 Qxb5 21. Nc3 Qc5+ 22. Kh1 Rfc8 23. Qd2 Qa5 24. Qb2 Rc6 25. b4 Qc7 26. Nd5 Nxd5 27. Rxc6 Qxc6 28. Rxd5 Rc8 29. h3 Qc1+ 30. Qxc1 Rc7 31. Qc3 Rxc3 1/2-1/2

[Event "BEL-ch"]
[Site "Bruges"]
[Date "2020.08.15"]
[Round "1"]
[White "Hovhannisyan, Mher"]
[Black "Meessen, Rudolf"]
[Result "1-0"]
[WhiteElo "2444"]
[BlackElo "2221"]
[PlyCount "57"]
[EventDate "2020.08.15"]
[EventType "tourn"]
[EventRounds "9"]
[EventCountry "BEL"]
[EventCategory "6"]
[SourceTitle "CBM 197 Extra"]
[Source "ChessBase"]
[SourceDate "2020.09.30"]
[SourceVersion "1"]
[SourceVersionDate "2020.09.30"]
[SourceQuality "1"]

1. Nf3 d6 2. d4 g6 3. g3 Bg7 4. Bg2 Bd7 5. 0-0 Qc8 6. Re1 Bh3 7. Bh1 Nc6 8. d5 Ne5 9. Nxe5 dxe5 10. c4 h5 11. Nd2 h4 12. Ne4 hxg3 13. fxg3 Bf5 14. Nf2 e4 15. e3 Nf6 16. Bd2 Ng4 17. Nxg4 Bxg4 18. Qa4+ Bd7 19. Qc2 f5 20. Bc3 Rh7 21. Bxg7 Rxg7 22. Rf1 c5 23. Qc3 Rh7 24. Rad1 Qd8 25. d6 e6 26. Bxe4 fxe4 27. Qe5 Rc8 28. Qf4 Ba4 29. d7+ 1-0

[Event "EU-chT 22nd"]
[Site "Batumi"]
[Date "2019.11.01"]
[Round "8.1"]
[White "Hovhannisyan, Mher"]
[Black "Kulaots, Kaido"]
[Result "1-0"]
[WhiteElo "2439"]
[BlackElo "2542"]
[PlyCount "117"]
[EventDate "2019.10.24"]
[EventType "team-swiss"]
[EventRounds "9"]
[EventCountry "GEO"]
[SourceTitle "CBM 193"]
[Source "ChessBase"]
[SourceDate "2019.12.31"]
[SourceVersion "1"]
[SourceVersionDate "2019.12.31"]
[SourceQuality "1"]
[WhiteTeam "Belgium"]
[BlackTeam "Estonia"]
[WhiteTeamCountry "BEL"]
[BlackTeamCountry "EST"]

1. d4 Nf6 2. c4 e6 3. Nf3 d5 4. e3 b6 5. Nc3 Bb7 6. cxd5 exd5 7. Be2 Bd6 8. 0-0 0-0 9. b3 a6 10. Bb2 Nbd7 11. Rc1 Qe7 12. Qc2 Rfe8 13. a3 c5 14. a4 Rac8 15. Rfd1 Ne4 16. dxc5 Rxc5 17. Qd3 Ne5 18. Nxe5 Bxe5 19. Nxe4 Rxc1 20. Bxc1 dxe4 21. Qd7 Qxd7 22. Rxd7 Bc8 23. Rd2 Be6 24. Bb2 Bxb2 25. Rxb2 a5 26. h4 f5 27. b4 Rc8 28. bxa5 bxa5 29. Kh2 Kf7 30. Kg3 Kf6 31. Rb6 g6 32. Bb5 Ke5 33. Ra6 h6 34. Rxa5 Rc5 35. Ra6 g5 36. hxg5 hxg5 37. Rc6 f4+ 38. Kh2 Kd5 39. Rxc5+ Kxc5 40. Kg1 Kb4 41. Bc6 Bc8 42. Kf1 fxe3 43. fxe3 Bf5 44. Ke1 Kc5 45. Bb5 Kb4 46. Kd2 Be6 47. Bc6 Bf5 48. Kc2 Kc5 49. Ba8 Kb4 50. a5 Kxa5 51. Kc3 Kb6 52. Kd4 Kc7 53. Ke5 Bd7 54. Bxe4 Bb5 55. Bf5 Be2 56. g4 Bf3 57. e4 Kd8 58. Kf6 Ke8 59. e5 1-0

[Event "BEL-chT 1920"]
[Site "Belgium"]
[Date "2019.09.29"]
[Round "1.4"]
[White "Hovhannisyan, Mher"]
[Black "Ris, Robert"]
[Result "1/2-1/2"]
[WhiteElo "2439"]
[BlackElo "2453"]
[PlyCount "31"]
[EventDate "2019.09.29"]
[EventType "team-tourn"]
[EventRounds "11"]
[EventCountry "BEL"]
[SourceTitle "CBM 195 Extra"]
[Source "ChessBase"]
[SourceDate "2020.05.31"]
[SourceVersion "1"]
[SourceVersionDate "2020.05.31"]
[SourceQuality "1"]
[WhiteTeam "Liege Crelel"]
[BlackTeam "KGSRL"]
[WhiteTeamCountry "BEL"]
[BlackTeamCountry "BEL"]

1. Nf3 d5 2. g3 g6 3. Bg2 Bg7 4. d4 Nf6 5. 0-0 0-0 6. c4 dxc4 7. Na3 c5 8. dxc5 c3 9. Qxd8 Rxd8 10. Nb5 Na6 11. Nxc3 Nxc5 12. Be3 Nce4 13. Rad1 Bg4 14. Nxe4 Nxe4 15. h3 Bd7 16. Ng5 1/2-1/2

[Event "BEL-ch"]
[Site "Roux"]
[Date "2019.07.27"]
[Round "1"]
[White "Hovhannisyan, Mher"]
[Black "Real, Thibault"]
[Result "1/2-1/2"]
[WhiteElo "2444"]
[BlackElo "2262"]
[PlyCount "75"]
[EventDate "2019.07.27"]
[EventType "tourn"]
[EventRounds "9"]
[EventCountry "BEL"]
[EventCategory "5"]
[SourceTitle "CBM 191 Extra"]
[Source "ChessBase"]
[SourceDate "2019.09.30"]
[SourceVersion "1"]
[SourceVersionDate "2019.09.30"]
[SourceQuality "1"]

1. d4 Nf6 2. Nf3 g6 3. g3 Bg7 4. Bg2 0-0 5. 0-0 d6 6. b3 c5 7. Bb2 cxd4 8. Nxd4 Qc7 9. c4 Nc6 10. Nc3 Bd7 11. Rc1 Qa5 12. e3 Rfc8 13. Qe2 Rab8 14. Rfd1 a6 15. a3 Bg4 16. f3 Bd7 17. b4 Qh5 18. Nb3 Ne5 19. c5 Be6 20. Nd2 dxc5 21. bxc5 Rxc5 22. Nce4 Nxe4 23. Nxe4 Rxc1 24. Rxc1 Bd5 25. g4 Qh4 26. Rc5 Bxe4 27. Bxe5 Bxe5 28. Rxe5 Bc6 29. Qd2 e6 30. g5 Qa4 31. Qd6 Re8 32. f4 Bxg2 33. Kxg2 Qc6+ 34. Qxc6 bxc6 35. Rc5 Rc8 36. Kf3 Kf8 37. Ra5 c5 38. Rxa6 1/2-1/2

[Event "Dublin Irish op"]
[Site "Dublin"]
[Date "2019.04.21"]
[Round "7"]
[White "Hovhannisyan, Mher"]
[Black "Li, Henry"]
[Result "1-0"]
[WhiteElo "2462"]
[BlackElo "2308"]
[PlyCount "123"]
[EventDate "2019.04.17"]
[EventType "swiss"]
[EventRounds "9"]
[EventCountry "IRL"]
[SourceTitle "CBM 189 Extra"]
[Source "ChessBase"]
[SourceDate "2019.06.03"]
[SourceVersion "1"]
[SourceVersionDate "2019.06.03"]
[SourceQuality "1"]

1. Nf3 Nf6 2. g3 g6 3. Bg2 Bg7 4. 0-0 0-0 5. c4 d6 6. d4 Nc6 7. Nc3 e5 8. dxe5 dxe5 9. Bg5 Be6 10. Qa4 Qc8 11. Nd2 Bh3 12. Bxf6 Bxf6 13. Nde4 Bg7 14. Nd5 Kh8 15. Bxh3 Qxh3 16. Nxc7 Rac8 17. Nb5 Rce8 18. Nc7 Rc8 19. Nd5 Nd4 20. Rae1 b5 21. Qxa7 Ra8 22. Qe7 Rae8 23. Qg5 h6 24. Qh4 Qxh4 25. gxh4 bxc4 26. Nb6 f5 27. Nc3 e4 28. Nxc4 Rc8 29. Nb6 Rc6 30. Nbd5 Rb8 31. Rb1 g5 32. h5 Nb5 33. Ne7 Rc5 34. Nxb5 Rbxb5 35. b4 Rc4 36. a3 f4 37. Rbc1 Rxc1 38. Rxc1 Bb2 39. Rc5 Rb7 40. Ng6+ Kg7 41. a4 Ba3 42. Rc3 Bxb4 43. Rb3 Rb6 44. Kg2 Kf6 45. Kh3 Kf5 46. Ne7+ Ke6 47. Ng6 Kf5 48. f3 exf3 49. exf3 Ke6 50. Kg4 Kd5 51. a5 Rb8 52. a6 Kc4 53. Rb1 Ra8 54. Ne5+ Kc3 55. Nc6 Bd6 56. Rd1 Bc7 57. Rd7 Rxa6 58. Rxc7 Ra2 59. Rh7 Rg2+ 60. Kf5 Kd3 61. Rxh6 Ke3 62. Ne5 1-0

[Event "Dublin Irish op"]
[Site "Dublin"]
[Date "2019.04.20"]
[Round "5"]
[White "Hovhannisyan, Mher"]
[Black "Strikovic, Aleksa"]
[Result "1/2-1/2"]
[WhiteElo "2462"]
[BlackElo "2493"]
[PlyCount "30"]
[EventDate "2019.04.17"]
[EventType "swiss"]
[EventRounds "9"]
[EventCountry "IRL"]
[SourceTitle "CBM 189 Extra"]
[Source "ChessBase"]
[SourceDate "2019.06.03"]
[SourceVersion "1"]
[SourceVersionDate "2019.06.03"]
[SourceQuality "1"]

1. Nf3 c5 2. c4 g6 3. Nc3 Bg7 4. g3 Nc6 5. Bg2 d6 6. 0-0 Rb8 7. d3 a6 8. a4 e6 9. e3 Nge7 10. d4 0-0 11. dxc5 dxc5 12. Qxd8 Rxd8 13. a5 Nb4 14. Na4 Nd3 15. Rd1 Nc6 1/2-1/2

[Event "BEL-chT 1819"]
[Site "Belgium"]
[Date "2019.03.31"]
[Round "10.3"]
[White "De Vos, Nils"]
[Black "Hovhannisyan, Mher"]
[Result "1-0"]
[WhiteElo "2263"]
[BlackElo "2483"]
[PlyCount "69"]
[EventDate "2018.09.30"]
[EventType "team-tourn"]
[EventRounds "11"]
[EventCountry "BEL"]
[SourceTitle "CBM 189 Extra"]
[Source "ChessBase"]
[SourceDate "2019.06.03"]
[SourceVersion "1"]
[SourceVersionDate "2019.06.03"]
[SourceQuality "1"]
[WhiteTeam "Brasschaat"]
[BlackTeam "Liege Crelel"]
[WhiteTeamCountry "BEL"]
[BlackTeamCountry "BEL"]

1. e4 e6 2. d4 d5 3. exd5 exd5 4. Bd3 Nf6 5. Nf3 Bg4 6. 0-0 Be7 7. Bf4 0-0 8. Re1 c5 9. Nbd2 cxd4 10. Be2 Nc6 11. a3 Nh5 12. Be5 Bf6 13. Nxd4 Bxe2 14. Nxc6 Bxe5 15. Nxd8 Bxh2+ 16. Kxh2 Bxd1 17. Raxd1 Rfxd8 18. Re7 Rab8 19. Nf3 Nf6 20. Nd4 Kf8 21. Rc7 Rdc8 22. Rxc8+ Rxc8 23. f3 g6 24. Rd2 a6 25. Kg3 Re8 26. Nb3 g5 27. Nc5 Re7 28. Kf2 Rc7 29. Nb3 h5 30. Nd4 Rc4 31. c3 Rc8 32. Nf5 Rc6 33. Ne3 b5 34. Rd1 Rd6 35. Rd4 1-0

[Event "Olympiad-43"]
[Site "Batumi"]
[Date "2018.09.28"]
[Round "5.52"]
[White "Mwale, Joseph"]
[Black "Hovhannisyan, Mher"]
[Result "1/2-1/2"]
[WhiteElo "2231"]
[BlackElo "2483"]
[PlyCount "107"]
[EventDate "2018.09.24"]
[EventType "team-swiss"]
[EventRounds "11"]
[EventCountry "GEO"]
[SourceTitle "CBM 187"]
[Source "ChessBase"]
[SourceDate "2018.12.11"]
[SourceVersion "1"]
[SourceVersionDate "2018.12.11"]
[SourceQuality "1"]
[WhiteTeam "Malawi"]
[BlackTeam "Belgium"]
[WhiteTeamCountry "MWI"]
[BlackTeamCountry "BEL"]

1. Nf3 d5 2. g3 Nf6 3. Bg2 e6 4. 0-0 Be7 5. d4 0-0 6. c4 Nbd7 7. b3 b6 8. Nc3 Bb7 9. Bb2 c5 10. cxd5 Nxd5 11. Nxd5 Bxd5 12. dxc5 Nxc5 13. Ne5 Bxg2 14. Kxg2 Rc8 15. Qxd8 Rfxd8 16. Rfd1 Kf8 17. Rac1 f6 18. Nf3 Rxd1 19. Rxd1 Ne4 20. Rd4 Rc2 21. Rxe4 Rxb2 22. Rxe6 Rxa2 23. Nd4 Bc5 24. Nb5 Kf7 25. Re4 a5 26. Nc3 Rb2 27. Na4 Rxb3 28. Nxc5 bxc5 29. Ra4 Rb5 30. Kf3 Ke6 31. Ke3 Kd5 32. Kd3 Kc6 33. h4 h5 34. Kc3 Kd5 35. Rf4 Kc6 36. Ra4 Kb6 37. Re4 Ka6 38. Re8 Rb4 39. Rc8 Kb6 40. Rg8 Rg4 41. Rb8+ Kc6 42. Rc8+ Kd6 43. Rd8+ Ke6 44. Re8+ Kd7 45. Rh8 g6 46. Ra8 a4 47. Ra5 Kd6 48. Ra6+ Ke7 49. Ra7+ Ke6 50. Ra6+ Kf5 51. Ra5 Re4 52. Kd3 Rd4+ 53. Kc3 Re4 54. Kd3 1/2-1/2

[Event "BEL-chT 1718"]
[Site "Belgium"]
[Date "2018.03.25"]
[Round "9.1"]
[White "Hovhannisyan, Mher"]
[Black "Burg, Twan"]
[Result "1/2-1/2"]
[WhiteElo "2466"]
[BlackElo "2511"]
[PlyCount "31"]
[EventDate "2017.09.24"]
[EventType "team-tourn"]
[EventRounds "11"]
[EventCountry "BEL"]
[SourceTitle "EXT 2019"]
[Source "ChessBase"]
[SourceDate "2018.10.10"]
[SourceVersion "1"]
[SourceVersionDate "2018.10.10"]
[SourceQuality "1"]
[WhiteTeam "Liege Crelel"]
[BlackTeam "Amay"]
[WhiteTeamCountry "BEL"]
[BlackTeamCountry "BEL"]

1. Nf3 d5 2. g3 g6 3. Bg2 Bg7 4. d4 Nf6 5. 0-0 0-0 6. c4 c6 7. b3 dxc4 8. bxc4 c5 9. Bb2 Qb6 10. Qb3 Ne4 11. e3 Nc6 12. Nc3 Nxc3 13. Bxc3 Rd8 14. Qa3 cxd4 15. Nxd4 Nxd4 16. Bxd4 1/2-1/2

[Event "BEL-chT 1718"]
[Site "Belgium"]
[Date "2018.02.25"]
[Round "7.1"]
[White "Hovhannisyan, Mher"]
[Black "Kuipers, Stefan"]
[Result "1/2-1/2"]
[WhiteElo "2466"]
[BlackElo "2403"]
[PlyCount "96"]
[EventDate "2017.09.24"]
[EventType "team-tourn"]
[EventRounds "11"]
[EventCountry "BEL"]
[SourceTitle "EXT 2019"]
[Source "ChessBase"]
[SourceDate "2018.10.10"]
[SourceVersion "1"]
[SourceVersionDate "2018.10.10"]
[SourceQuality "1"]
[WhiteTeam "Liege Crelel"]
[BlackTeam "TSM Schifflange"]
[WhiteTeamCountry "BEL"]
[BlackTeamCountry "BEL"]

1. Nf3 d5 2. g3 Bg4 3. Bg2 Nd7 4. d4 e6 5. 0-0 Bd6 6. c4 c6 7. Qb3 Rb8 8. cxd5 exd5 9. e4 Bxf3 10. Qxf3 dxe4 11. Qg4 Kf8 12. Qxe4 h5 13. Nc3 h4 14. Bf4 Ndf6 15. Qf3 Bxf4 16. Qxf4 Ne7 17. Rad1 Rh5 18. Rfe1 Rf5 19. Qc1 hxg3 20. hxg3 Qd6 21. Ne4 Nxe4 22. Rxe4 Rd8 23. Rde1 Ng6 24. Qc2 Rd5 25. Qe2 Qb8 26. Qe3 R5d6 27. Bf1 b5 28. b4 Kg8 29. Rc1 Nf8 30. Bh3 a5 31. bxa5 Qa7 32. Re7 Qxa5 33. Qb3 Rf6 34. Rxc6 Ne6 35. Qe3 Qa8 36. d5 Rxd5 37. Rc1 Rd6 38. a3 Qd8 39. Rb7 Rd1+ 40. Rxd1 Qxd1+ 41. Bf1 g6 42. Rxb5 Nd4 43. Rb8+ Kg7 44. Re8 Nf3+ 45. Kg2 Qd5 46. Qe7 Ne5+ 47. Kg1 Nf3+ 48. Kg2 Ne5+ 1/2-1/2

[Event "BEL-chT 1718"]
[Site "Belgium"]
[Date "2017.11.19"]
[Round "4.1"]
[White "Wirig, Anthony"]
[Black "Hovhannisyan, Mher"]
[Result "1/2-1/2"]
[WhiteElo "2496"]
[BlackElo "2466"]
[PlyCount "88"]
[EventDate "2017.09.24"]
[EventType "team-tourn"]
[EventRounds "11"]
[EventCountry "BEL"]
[SourceTitle "EXT 2019"]
[Source "ChessBase"]
[SourceDate "2018.10.10"]
[SourceVersion "1"]
[SourceVersionDate "2018.10.10"]
[SourceQuality "1"]
[WhiteTeam "Fontaine"]
[BlackTeam "Liege Crelel"]
[WhiteTeamCountry "BEL"]
[BlackTeamCountry "BEL"]

1. d4 d5 2. c4 c6 3. Nf3 Nf6 4. Nc3 a6 5. a4 e6 6. Bg5 Bb4 7. e3 Nbd7 8. Bd3 Qa5 9. 0-0 dxc4 10. Bxc4 0-0 11. Qc2 c5 12. Ne4 cxd4 13. Bxf6 Nxf6 14. Nxf6+ gxf6 15. Qe4 Be7 16. exd4 Qh5 17. Rad1 Bd6 18. Be2 Qg6 19. Qh4 Bd7 20. d5 e5 21. Nd2 f5 22. Nc4 Kh8 23. f4 Rg8 24. Qh3 exf4 25. Nxd6 Qxd6 26. Qc3+ f6 27. Qd4 Rae8 28. Bf3 a5 29. Kh1 b6 30. Rb1 Kg7 31. b4 Re7 32. bxa5 bxa5 33. h3 Rc8 34. Rb6 Qe5 35. Qd2 Bxa4 36. Qxa5 Bc2 37. Qa6 Rd8 38. d6 Red7 39. Bc6 Rf7 40. d7 Be4 41. Bxe4 fxe4 42. Re6 Qf5 43. Qc4 f3 44. g4 Qf4 1/2-1/2

[Event "EU-chT (Men) 21st"]
[Site "Heraklion"]
[Date "2017.11.03"]
[Round "6.1"]
[White "Mehmeti, Dritan"]
[Black "Hovhannisyan, Mher"]
[Result "0-1"]
[WhiteElo "2428"]
[BlackElo "2466"]
[PlyCount "80"]
[EventDate "2017.10.28"]
[EventType "team-swiss"]
[EventRounds "9"]
[EventCountry "GRE"]
[SourceTitle "CBM 182"]
[Source "ChessBase"]
[SourceDate "2018.01.17"]
[SourceVersion "1"]
[SourceVersionDate "2018.01.17"]
[SourceQuality "1"]
[WhiteTeam "Albania"]
[BlackTeam "Belgium"]
[WhiteTeamCountry "ALB"]
[BlackTeamCountry "BEL"]

1. e4 e6 2. d4 d5 3. Nc3 Nf6 4. Bg5 Bb4 5. e5 h6 6. Bd2 Bxc3 7. bxc3 Ne4 8. Qg4 Kf8 9. Bd3 Nxd2 10. Kxd2 c5 11. h4 Nc6 12. Rh3 c4 13. Be2 b5 14. Qf4 Bd7 15. Nf3 Qe7 16. a3 a5 17. h5 Rb8 18. Ke1 Kg8 19. Kf1 Kh7 20. Rg3 Be8 21. Nh2 f5 22. exf6 Qxf6 23. Qe3 Rb7 24. Re1 Re7 25. Kg1 Qf5 26. Bg4 Qxc2 27. Bd1 Qb2 28. Nf1 Rf8 29. Rf3 Rxf3 30. Qxf3 Rf7 31. Qg3 Rf6 32. Re2 Qxa3 33. Bc2+ Kg8 34. Qg4 Qxc3 35. Rxe6 Bd7 36. Bf5 Bxe6 37. Bxe6+ Kh8 38. Bxd5 Ne7 39. Bf3 Rf8 40. Qd7 Nf5 0-1